| 000 | 00738nam a2200169 i 4500 | ||
|---|---|---|---|
| 001 | 189328 | ||
| 003 | ES-MaACL | ||
| 005 | 20230906223440.0 | ||
| 008 | 190523s1878 sp |||| | spa d | ||
| 100 | 1 |
_aMárquez Pérez de Aguiar, Manuel. _9130343 |
|
| 245 | 1 | 0 |
_aMemoria acerca de el Valle de Arán / _cpor Manuel Márquez Pérez de Aguiar. |
| 250 | _a2ª ed. | ||
| 260 |
_a[S.l. : _bs.n.], _c1878 ( _eGerona : _fImp. de Pablo Puigblanquer) |
||
| 300 |
_a142 p. ; _c21 cm. |
||
| 651 | 4 |
_aVal d'Aran- _xDescripción. _9167102 |
|
| 852 |
_aES-MaACL _jB-8926(13) _z. - Legado de Federico de Botella y de Hornos _z- Encuadernado en un vol. facticio, agrupado con el nombre en el lomo: España, geología, memorias y documentos varios 20 al 40 |
||
| 999 |
_c189328 _d189328 |
||